| 000 | 00616nam a2200181 a 4500 | ||
|---|---|---|---|
| 999 |
_c1785 _d1785 |
||
| 001 | 1785 | ||
| 003 | CDMR | ||
| 005 | 20240123161609.0 | ||
| 008 | 130130s1980||||||||||||||||||||||||||||d | ||
| 040 |
_aCDMR _bcat _cCDMR |
||
| 100 | 1 |
_aPiquer i Jover, Josep Joan _9813 |
|
| 245 | 1 | 0 |
_aL'obra creadora del periodista Ramón Pomés _c/ Josep J. Piquer i Jover |
| 260 |
_a[Tarragona] : _bDiputació Provincial de Tarragona, _c1980 |
||
| 300 |
_a183 - 220 p ; _c24 cm |
||
| 500 | _aÉs tiratge a part de l'Institut d'Estudis Tarraconenses Ramon Berenguer IV | ||
| 600 | 1 | 4 |
_aPomés, Ramón _vBiografia _9815 |
| 942 |
_cFULLET _2udc |
||